Countries with similar flags - Statistics

General Stats
  • This quiz has been taken 56 times
  • The average score is 8 of 11
Answer Stats
Country * Similar Country % Correct
New Zealand and Australia
87%
Chad and Romania
87%
Norway and Iceland
84%
Luxembourg and Netherlands
84%
Slovenia and Slovakia
84%
Venezuela and Colombia
80%
Côte d’Ivoire and Ireland
80%
Indonesia and Monaco
80%
Venezuela and Ecuador
76%
Slovenia and Russia
53%
Senegal and Mali
51%
No matching quizzes found
Score Distribution
Percent of People with Each Score
Percentile by Number Answered
Your Score History
You have not taken this quiz